000 00390nam a22001217a 4500
082 _a200 THE
100 _aFareena Fatima
_969441
245 _aTH-SOF-1562-Analysis of Visual Field Reports for Diagnosis of Glaucoma
260 _aISLAMABAD
_bNUST COLLEGE OF EME
_c2018
650 _aMS-COMPUTER ENGINEERING-81 MSTHESIS
700 _a Advisor Dr. Muhammad Usman Akram
_969442
942 _cCF
999 _c576719
_d576719